|
|
|
|
| LEADER |
00000cam a22000007a 4500 |
| 001 |
3240 |
| 003 |
CZ-ZlUTB |
| 005 |
20190825231637.0 |
| 008 |
950218s1975 pl |||||r|||||||||||pol|d |
| 040 |
|
|
|a ZLD002
|b cze
|c ZLD002
|d ZLD002
|
| 072 |
|
7 |
|a 3
|x Společenské vědy
|2 Konspekt
|9 18
|
| 080 |
|
|
|a 355/359
|2 MRF
|
| 080 |
|
|
|a 303.732.4
|2 MRF
|
| 080 |
|
|
|a 005.311.6
|2 MRF
|
| 080 |
|
|
|a 316.46/.47
|2 MRF
|
| 080 |
|
|
|a 303.725.36
|2 MRF
|
| 100 |
1 |
|
|a Sokołowski, Stanisław Józef
|4 aut
|
| 245 |
1 |
0 |
|a Decyzja a działanie /
|c Stanisław Józef Sokołowski
|
| 250 |
|
|
|a Wyd. 1.
|
| 260 |
|
|
|a Warszawa :
|b Wydawnictvo Ministerstwa obrony narodowej,
|c 1975
|
| 300 |
|
|
|a 371 s. :
|c 21 cm
|
| 490 |
1 |
|
|a Biblioteka wiedzy wojskowej
|
| 650 |
0 |
7 |
|a vojenství
|7 ph127210
|2 czenas
|
| 650 |
0 |
7 |
|a systémová analýza
|7 ph116372
|2 czenas
|
| 650 |
0 |
7 |
|a rozhodování
|7 ph125259
|2 czenas
|
| 650 |
0 |
7 |
|a řídící práce
|7 ph128306
|2 czenas
|
| 650 |
0 |
7 |
|a systémové inženýrství
|7 ph116373
|2 czenas
|
| 830 |
|
0 |
|a Biblioteka wiedzy wojskowej (Wydawnictvo Ministerstwa obrony narodowej)
|
| 910 |
|
|
|a ZLD002
|
| 952 |
|
|
|0 0
|1 0
|4 0
|6 303SOKOLOWSKISJ
|7 0
|8 BOOK
|9 5269
|a UTBZL
|b UTBZL
|c 030
|d 2006-07-29
|i 51912
|l 0
|o 303/SOKOLOWSKI,S.J.
|p 420010004008
|r 2019-08-25 00:00:00
|w 2019-08-25
|x N:převedeno z FAME - Glogar; | 20100831
|y 05
|
| 992 |
|
|
|a BK
|b SK
|
| 999 |
|
|
|c 3240
|d 3240
|